| 000 | 00622cam a22001937 4500 | ||
|---|---|---|---|
| 001 | 000019901 | ||
| 005 | 20200929170201.0 | ||
| 008 | 910204s1945 mx 000 0 spa | ||
| 040 |
_aDO-SdBNP _bspa _cBNPHU |
||
| 082 |
_axxxx _bxxxx |
||
| 100 | 1 |
_aRougemont, Denis de, _d1906-1985. _928428 |
|
| 245 | 1 | 0 |
_aAmor y occidente / _cDenis de Rougemont; traduccion de Ramón Xirau, revisada por Joaquin Xirau. |
| 260 |
_aMexico : _bLeyenda, _c1945. |
||
| 300 |
_a355 p. ; _c23 cm. |
||
| 504 | _aBibliografía : p. 347-355 | ||
| 590 | _aInventariado, 2019/BT | ||
| 700 | 1 |
_aXirau, Ramón _942455 |
|
| 700 | 1 |
_aXirau, Joaquin _942456 |
|
| 999 |
_c19414 _d19414 |
||